000 01116nam a2200253 4500
008 100208s2009 miu b 001 0 eng d
020 _a0801036097
020 _a9780801036095
090 _aBS2650.2
_bSco3
_b2006
100 1 _aScott, Ian W.,
_d1973-
245 1 0 _aPaul's way of knowing :
_bstory, experience, and the spirit /
_cIan W. Scott.
260 _aGrand Rapids, Mich. :
_bBaker Academic,
_c2009.
300 _axvii, 341 p. ;
_c23 cm.
500 _aOriginally published in 2006 as 'Implicit Epistemology in the Letters of Paul' by Mohr Siebeck in Tubingen, Germany.
504 _aIncludes bibliographical references (p. [289]-309) and indexes.
600 1 4 _aPaul,
_cthe Apostle, Saint.
630 0 4 _aBible.
_pN.T.
_pEpistles of Paul
_xCriticism, interpretation, etc.
650 4 _aGod (Christianity)
_xKnowableness.
650 4 _aPhilosophy and religion
_xChristianity.
650 4 _aTheology, Doctrinal
_xHistory
_yEarly church, ca. 30-600.
740 0 2 _aImplicit Epistemology in the Letters of Paul.
951 _p33557
_x00038700
_oBS2650.2/Sco3/2006
_j100208130249140
_d2000-12-21
_cGC
999 _c34009
_d34009